[Event "19th ch-EUR Indiv 2018"]
[Site "Batumi GEO"]
[Date "2018.03.19"]
[Round "3.2"]
[White "Romanov,E"]
[Black "Ivanchuk,V"]
[Result "1/2-1/2"]
[WhiteElo "2619"]
[BlackElo "2713"]

1.c4 g6 2.e4 d6 3.d4 Nf6 4.Nc3 Bg7 5.h3 O-O 6.Be3 c5 7.Nf3 cxd4 8.Nxd4 Nc6
9.Be2 Nxd4 10.Bxd4 Bd7 11.O-O Bc6 12.Bf3 a5 13.Qd2 Nd7 14.Bxg7 Kxg7 15.b3 Qb6
16.Nd5 Bxd5 17.exd5 Qb4 18.Qb2+ Kg8 19.a3 Qb6 20.Rfe1 Ne5 21.Be2 Rfc8 22.Rac1 Rc7
23.Bf1 Re8 24.Re3 e6 25.dxe6 Rxe6 26.b4 axb4 27.axb4 Rce7 28.c5 dxc5 29.Rxc5  1/2-1/2

[Event "19th ch-EUR Indiv 2018"]
[Site "Batumi GEO"]
[Date "2018.03.20"]
[Round "4.5"]
[White "Ivanchuk,V"]
[Black "Alekseenko,K"]
[Result "0-1"]
[WhiteElo "2713"]
[BlackElo "2609"]

1.e4 e5 2.Nf3 Nc6 3.Bb5 a6 4.Ba4 Nf6 5.O-O Be7 6.Re1 b5 7.Bb3 d6 8.c3 O-O
9.d4 Bg4 10.Be3 Bh5 11.Nbd2 exd4 12.cxd4 Nb4 13.d5 Nd3 14.Rf1 Ng4 15.Bd4 Nge5
16.Bc2 Bf6 17.Kh1 Nf4 18.Bxe5 Bxe5 19.g3 Qf6 20.gxf4 Bxf4 21.Qe1 Rae8 22.Rg1 Qxb2
23.Bb3 f5 24.e5 dxe5 25.Rg5 Bxf3+ 26.Nxf3 e4 27.d6+ Kh8 28.d7 Rd8 29.Rd1 Qf6
30.Rh5 exf3 31.Rh3 Bd6 32.Be6 Qg6 33.Rxf3 Qh5 34.Kg2 Rf6 35.Rxd6 cxd6 36.Qa5 Rff8
37.Qc3 Qg5+ 38.Kf1 Qf6 39.Qb3 Qe5 40.h3 f4 41.h4 d5 42.Bg4 h5 43.Bh3 Rf7
44.Qa3 Qe4 45.Kg2 Rf6 46.Kh2 b4 47.Qb3 Rd6 48.a3 a5 49.axb4 axb4 50.Qd1 R8xd7
51.Bxd7 Rxd7 52.Rd3 Qe5 53.Qf3 Rd6 54.Rb3 Rb6 55.Rd3 d4 56.Kg2 Qf5 57.Rxd4 Qg4+
58.Qxg4 hxg4  0-1

[Event "19th ch-EUR Indiv 2018"]
[Site "Batumi GEO"]
[Date "2018.03.22"]
[Round "6.13"]
[White "Ivanchuk,V"]
[Black "Martinovic,Sa"]
[Result "1/2-1/2"]
[WhiteElo "2713"]
[BlackElo "2604"]

1.e4 e6 2.d4 d5 3.e5 c5 4.c3 Nc6 5.Nf3 Qb6 6.Be2 cxd4 7.cxd4 Nh6 8.Bd3 Nf5
9.Bxf5 exf5 10.Nc3 Be6 11.h4 h6 12.Kf1 Be7 13.Kg1 O-O-O 14.Na4 Qb5 15.Nc3 Qb6
16.b3 Kb8 17.Ne2 Rd7 18.Rh3 Rc8 19.Rg3 Bf8 20.a4 Rdc7 21.Ba3 Bxa3 22.Rxa3  1/2-1/2

[Event "19th ch-EUR Indiv 2018"]
[Site "Batumi GEO"]
[Date "2018.03.24"]
[Round "7.15"]
[White "Mchedlishvili,M"]
[Black "Ivanchuk,V"]
[Result "1-0"]
[WhiteElo "2600"]
[BlackElo "2713"]

1.d4 d5 2.c4 c6 3.Nf3 e6 4.e3 Bd6 5.Bd3 f5 6.b3 Nf6 7.O-O Qe7 8.Bb2 Nbd7
9.Nc3 Ne4 10.Ne2 Qf6 11.Rc1 g5 12.Bb1 Rg8 13.Rc2 Rg6 14.Ne1 Rh6 15.g3 Qg6
16.Nc3 Ndf6 17.Nxe4 Nxe4 18.Nd3 g4 19.Nf4 Bxf4 20.exf4 Bd7 21.f3 gxf3 22.Qxf3 Rh3
23.Rg2 Nf6 24.Bd3 Kf7 25.cxd5 exd5 26.Re1 Ng4 27.Ba3 Re8 28.Rxe8 Bxe8 29.Qe2 Qf6
30.Bxf5 Qxf5 31.Qe7+ Kg6 32.Qxe8+ Kg7 33.Bf8+ Kf6 34.Be7+ Kg7 35.Bf8+ Kf6
36.Re2 Nxh2 37.Kg2  1-0

[Event "19th ch-EUR Indiv 2018"]
[Site "Batumi GEO"]
[Date "2018.03.28"]
[Round "11.5"]
[White "Safarli,E"]
[Black "Ivanchuk,V"]
[Result "1-0"]
[WhiteElo "2639"]
[BlackElo "2713"]

1.e4 e5 2.Nf3 Nc6 3.Bb5 a6 4.Ba4 Nf6 5.O-O Be7 6.Re1 b5 7.Bb3 d6 8.c3 O-O
9.h3 Re8 10.Ng5 Rf8 11.Nf3 Bb7 12.d4 Re8 13.Ng5 Rf8 14.Nf3 Nd7 15.a4 Bf6
16.axb5 axb5 17.Rxa8 Qxa8 18.d5 Ne7 19.Na3 Ba6 20.Ba2 g6 21.Nc2 Bg7 22.Nb4 Bc8
23.Qe2 Qb7 24.Bg5 Nf6 25.Ra1 Re8 26.Bb1 Bd7 27.Bd3 Nexd5 28.exd5 e4 29.Bc2 exf3
30.Qxf3 Nh5 31.g4 h6 32.gxh5 hxg5 33.hxg6 fxg6 34.Bxg6 Rf8 35.Qh5 Rf6 36.Re1 Qa7
37.Nd3 c5 38.Re7 Kf8 39.Rxg7  1-0

[Event "Croatian Cup 2018"]
[Site "Mali Losinj CRO"]
[Date "2018.05.17"]
[Round "2.11"]
[White "Livaic,Leon"]
[Black "Ivanchuk,V"]
[Result "1-0"]
[WhiteElo "2497"]
[BlackElo "2708"]

1.d4 Nf6 2.c4 e6 3.Nf3 d5 4.Nc3 Nbd7 5.cxd5 exd5 6.Bg5 Bb4 7.e3 c5 8.dxc5 Qa5
9.Bxf6 Nxf6 10.Qd4 Be6 11.Rc1 Rc8 12.a3 Bxc5 13.Qd2 Bxa3 14.Bb5+ Kd8 15.O-O Bb4
16.Be2 Ke7 17.Qd4 a6 18.Qh4 h6 19.Rfd1 Rhd8 20.Nd4 Kf8 21.g4 Kg8 22.g5 hxg5
23.Qxg5 Bxc3 24.bxc3 Ne4 25.Qh4 Rd6 26.f3 Nxc3 27.Bd3 Nxd1 28.Nxe6  1-0

[Event "4th Gideon Japhet Mem Cup"]
[Site "Jerusalem ISR"]
[Date "2018.07.02"]
[Round "1.1"]
[White "Ivanchuk,V"]
[Black "Nepomniachtchi,I"]
[Result "1/2-1/2"]
[WhiteElo "2710"]
[BlackElo "2757"]

1.d4 Nf6 2.c4 g6 3.g3 c6 4.Nc3 d5 5.Qb3 dxc4 6.Qxc4 Be6 7.Qd3 Na6 8.a3 Bg7
9.Bg2 O-O 10.Nf3 c5 11.O-O Nd5 12.Rd1 Nxc3 13.bxc3 Rc8 14.Bf4 cxd4 15.cxd4 Bc4
16.Qd2 Bd5 17.Rac1 e6 18.Qd3 Rxc1 19.Rxc1 Bxf3 20.Qxf3 Bxd4 21.Qxb7 g5 22.Qxa6 gxf4
23.gxf4 Qb6 24.Qxb6 Bxb6 25.e3 Rd8 26.Be4 Rd2 27.f5 exf5 28.Bxf5 Kg7 29.Rc4 h6
30.a4 Rd5 31.Bh3 Rc5 32.Rb4 Bc7 33.Bg4 a5 34.Rb7 Bd6 35.h3 Rc7 36.Rb6 Bc5
37.Rb1 Bb4 38.Kg2 Rc2 39.Bd1 Rd2 40.Bb3 f5 41.Rc1 Rb2 42.Bd5 Bd2 43.Rc7+ Kf6
44.Rc6+ Kg7 45.Kf1 f4 46.exf4 Bxf4 47.Rc5 Bd2 48.Be4 Rb4 49.Bc2 Rf4 50.Re5 Bc3
51.Re7+ Kf6 52.Re2 Rd4 53.Re3 Bd2 54.Rf3+ Rf4 55.Rd3 Bb4 56.Rd5 Rc4 57.Bd3 Rf4
58.Ke2 Rh4 59.Rf5+ Ke6 60.Rf3 Bc5 61.Bc2 Ke5 62.Rc3 Kd6 63.Bb3 Rf4 64.Rf3 Ke5  1/2-1/2

[Event "4th Gideon Japhet Mem Cup"]
[Site "Jerusalem ISR"]
[Date "2018.07.02"]
[Round "2.1"]
[White "Nepomniachtchi,I"]
[Black "Ivanchuk,V"]
[Result "1-0"]
[WhiteElo "2757"]
[BlackElo "2710"]

1.e4 c6 2.d4 d5 3.e5 Bf5 4.Nf3 e6 5.Be2 c5 6.O-O Nc6 7.Be3 cxd4 8.Nxd4 Nxd4
9.Qxd4 Ne7 10.Bb5+ Nc6 11.Qa4 Qc8 12.Nd2 a6 13.Bd3 Bxd3 14.cxd3 Qd7 15.Rac1 Nxe5
16.Qd4 f6 17.Nb3 Bd6 18.Nc5 Bxc5 19.Rxc5 O-O 20.Bf4 Nc6 21.Qa4 Rad8 22.Rfc1 Rf7
23.h3 h6 24.a3 Re7 25.b4 Nd4 26.Qd1 e5 27.Be3 Ne6 28.R5c2 d4 29.Bd2 Qa4 30.Qf3 Qxa3
31.Bxh6 Qxb4 32.Bd2 Qb5 33.h4 Qd5 34.Qf5 Qd7 35.Qf3 Rf7 36.h5 Re8 37.Re1 Nd8
38.h6 g6 39.Rc5 Kh7 40.Rd5 Qf5 41.Qxf5 gxf5 42.Rxd4 Ne6 43.Rd6 Rfe7 44.Bb4 Rf7
45.d4 e4 46.Bd2 Nc7 47.Rb1 Nb5 48.Rd5 f4 49.Rb3 e3 50.fxe3 Kxh6 51.exf4 Re2
52.Rh3+ Kg7 53.Rg3+ Kh6 54.Rd8 Kh7 55.f5  1-0

[Event "4th Gideon Japhet Mem Cup"]
[Site "Jerusalem ISR"]
[Date "2018.07.03"]
[Round "3.3"]
[White "Ivanchuk,V"]
[Black "Muzychuk,A"]
[Result "1/2-1/2"]
[WhiteElo "2710"]
[BlackElo "2564"]

1.e4 e5 2.Nf3 Nc6 3.Bb5 a6 4.Ba4 Nf6 5.d3 Bc5 6.Bxc6 dxc6 7.Nbd2 Bd6 8.Nc4 Qe7
9.Qe2 Nd7 10.g4 Nf8 11.Rg1 Ng6 12.Bg5 f6 13.Be3 Be6 14.h4 Bxc4 15.dxc4 O-O-O
16.h5 Nf4 17.Bxf4 exf4 18.O-O-O Rhe8 19.Rge1 Be5 20.c3 Qc5 21.Nd2 Qe7 22.f3 a5
23.a4 Bxc3 24.bxc3 Qa3+ 25.Kc2 Qa2+ 26.Kc1 Qa3+ 27.Kc2  1/2-1/2

[Event "4th Gideon Japhet Mem Cup"]
[Site "Jerusalem ISR"]
[Date "2018.07.03"]
[Round "4.3"]
[White "Muzychuk,A"]
[Black "Ivanchuk,V"]
[Result "1/2-1/2"]
[WhiteElo "2564"]
[BlackElo "2710"]

1.e4 e5 2.Nf3 Nc6 3.Nc3 Nf6 4.Bb5 Bb4 5.O-O O-O 6.Bxc6 dxc6 7.Nxe5 Bxc3 8.dxc3 Nxe4
9.Bf4 Nc5 10.Nd3 Ne6 11.Bg3 b6 12.Nf4 Nxf4 13.Bxf4 Bf5 14.Re1 c5 15.Qf3 Bxc2
16.Rac1 Re8 17.h3 Bf5 18.Rxe8+ Qxe8 19.Bxc7 Rc8 20.Qxf5 Rxc7 21.Rd1 Re7 22.Qd5 g6
23.Qd8 Kf8 24.Qxe8+ Kxe8 25.Kf1 Rd7 26.Rxd7 Kxd7  1/2-1/2

[Event "4th Gideon Japhet Mem Cup"]
[Site "Jerusalem ISR"]
[Date "2018.07.04"]
[Round "5.2"]
[White "Meier,Geo"]
[Black "Ivanchuk,V"]
[Result "1-0"]
[WhiteElo "2628"]
[BlackElo "2710"]

1.Nf3 d5 2.g3 c6 3.Bg2 Bf5 4.c4 e6 5.cxd5 exd5 6.O-O Nf6 7.d3 Bc5 8.Qb3 Bb6
9.Nc3 O-O 10.Na4 Re8 11.Re1 Ba5 12.Qxb7 Bxe1 13.Qxa8 Bxf2+ 14.Kxf2 Qd7 15.Nd4 Bh3
16.Bf4  1-0

[Event "4th Gideon Japhet Mem Cup"]
[Site "Jerusalem ISR"]
[Date "2018.07.04"]
[Round "6.2"]
[White "Ivanchuk,V"]
[Black "Meier,Geo"]
[Result "1/2-1/2"]
[WhiteElo "2710"]
[BlackElo "2628"]

1.d4 Nf6 2.Bg5 d5 3.e3 e6 4.c4 Be7 5.Nc3 h6 6.Bh4 O-O 7.Rc1 c5 8.dxc5 dxc4
9.Qc2 Qa5 10.Bxc4 Qxc5 11.Qe2 a6 12.Bd3 b5 13.a3 Bb7 14.Nf3 Qh5 15.Bg3 Nbd7
16.O-O Nc5 17.Bc2 Rac8 18.Rfd1 Rfd8 19.Rxd8+ Rxd8 20.Nd4 Qxe2 21.Ncxe2 Rc8
22.f3 Nd5 23.e4 Ne3 24.Bf2 Nxc2  1/2-1/2

[Event "4th Gideon Japhet Mem Cup"]
[Site "Jerusalem ISR"]
[Date "2018.07.06"]
[Round "9.3"]
[White "Svidler,P"]
[Black "Ivanchuk,V"]
[Result "1/2-1/2"]
[WhiteElo "2753"]
[BlackElo "2710"]

1.Nf3 Nf6 2.g3 g6 3.c4 Bg7 4.Bg2 c6 5.d4 d5 6.Qb3 a5 7.cxd5 a4 8.Qd1 cxd5
9.Nc3 Bd7 10.Ne5 e6 11.O-O O-O 12.Nxd7 Qxd7 13.e3 Ne8 14.e4 dxe4 15.Nxe4 Qxd4
16.Be3 Qxb2 17.Rb1 Qxa2 18.Bc5 Nc6 19.Bxf8 Rd8 20.Bd6 Nxd6 21.Nxd6 Nd4 22.Nxb7 Ne2+
23.Qxe2 Qxe2 24.Nxd8 Bb2 25.Rfe1 Qc2 26.Be4 Qb3 27.Re3 Qc4 28.Rd1 a3 29.Bb1 Qa4
30.Rdd3 Bf6 31.Nxe6 fxe6 32.Ba2 Bd4 33.Rf3 Bc5 34.Bxe6+ Kg7 35.Rf7+ Kh6 36.Rdd7 a2
37.Rxh7+ Kg5 38.Bxa2 Qxa2 39.Rdf7 Qd5 40.h4+ Kg4 41.Kh2 Qd2 42.Rf4+ Qxf4
43.gxf4 Bxf2 44.f5 gxf5 45.h5 Be3 46.Kg2 Bf4 47.Rh8 Be5 48.Rf8 Bf4 49.Rh8 Be5
50.Rh7 Bf4 51.Kf2 Kg5 52.Kf3 Bh2 53.Ke3 Be5 54.Kd3 Ba1 55.Kc4 f4 56.Kd3 f3
57.Ke3 Kg4 58.h6 Bf6 59.Rg7+ Kh5 60.Kxf3 Kxh6 61.Rf7 Kg6 62.Rxf6+  1/2-1/2

[Event "4th Gideon Japhet Mem Cup"]
[Site "Jerusalem ISR"]
[Date "2018.07.06"]
[Round "10.3"]
[White "Ivanchuk,V"]
[Black "Svidler,P"]
[Result "1/2-1/2"]
[WhiteElo "2710"]
[BlackElo "2753"]

1.d4 Nf6 2.c4 g6 3.Nc3 d5 4.Nf3 Bg7 5.Qb3 dxc4 6.Qxc4 O-O 7.e4 a6 8.Be2 b5
9.Qb3 c5 10.dxc5 Nbd7 11.e5 Nxc5 12.Qb4 Nfd7 13.Be3 a5 14.Qh4 e6 15.Qxd8 Rxd8
16.Nxb5 Bb7 17.Rc1 Ne4 18.Bd4 g5 19.h3 h5 20.Rc7 Bd5 21.Bc4 Bxc4 22.Rxc4 Rac8
23.Rxc8 Rxc8 24.O-O g4 25.hxg4 hxg4 26.Re1 Nec5 27.Nd2 Nd3 28.Rd1 N7xe5 29.Ne4 Rc2
30.Kf1 Nxb2 31.Na3 Nxd1 32.Nxc2 Nc6 33.Nf6+ Bxf6 34.Bxf6 e5 35.Na3 Nb2 36.Ke2 Kh7
37.Kd2 Kg6 38.Bh4 Na4 39.Nc4 f6 40.f3 gxf3 41.gxf3 Nd4 42.Bg3 Nxf3+ 43.Ke3 Nd4
44.Ke4 Nc3+ 45.Kd3 Nxa2 46.Bxe5 Nc6 47.Bxf6 Kxf6 48.Nxa5 Nxa5 49.Ke4  1/2-1/2

[Event "43rd Olympiad 2018"]
[Site "Batumi GEO"]
[Date "2018.09.26"]
[Round "3.12"]
[White "Ivanchuk,V"]
[Black "Lupulescu,C"]
[Result "1/2-1/2"]
[WhiteElo "2710"]
[BlackElo "2606"]

1.Nf3 d5 2.g3 Bg4 3.Bg2 e6 4.O-O Nf6 5.d3 Be7 6.Nbd2 c5 7.h3 Bh5 8.g4 Bg6
9.Ne5 Nbd7 10.Nxg6 hxg6 11.e4 dxe4 12.dxe4 Ne5 13.Qe2 g5 14.Nc4 Nfd7 15.f4 Nxc4
16.Qxc4 O-O 17.e5 Nb6 18.Qe2 gxf4 19.Rd1 Qc7 20.Bxf4 c4 21.c3 Rad8 22.Kh1 Nd5
23.Bg3 b5 24.Be4 Bc5 25.Qf3 Ne7 26.h4 Rxd1+ 27.Rxd1 Rd8 28.h5 Rxd1+ 29.Qxd1 f5
30.gxf5 Nxf5 31.Qf3 Nxg3+ 32.Qxg3  1/2-1/2

[Event "43rd Olympiad 2018"]
[Site "Batumi GEO"]
[Date "2018.09.30"]
[Round "6.2"]
[White "Duda,J"]
[Black "Ivanchuk,V"]
[Result "1-0"]
[WhiteElo "2739"]
[BlackElo "2710"]

1.c4 Nf6 2.Nc3 d5 3.cxd5 Nxd5 4.Nf3 g6 5.Qb3 Nb6 6.d4 Bg7 7.Bf4 Be6 8.Qa3 O-O
9.e3 N8d7 10.Rd1 c6 11.Ng5 Bf5 12.e4 Bg4 13.Be2 Bxe2 14.Nxe2 Qe8 15.Qh3 h6
16.Nf3 h5 17.e5 Nd5 18.g4 Qc8 19.Qh4 Rd8 20.gxh5 Nf8 21.hxg6 Nxg6 22.Qg3 Qf5
23.Bc1 Kf8 24.h4 Qh5 25.Qg2 Ke8 26.Ng5 Bh6 27.Qf3 Qxf3 28.Nxf3 Bxc1 29.Rxc1 f6
30.Kd2 Kf7 31.Rcg1 Rh8 32.e6+  1-0

[Event "43rd Olympiad 2018"]
[Site "Batumi GEO"]
[Date "2018.10.05"]
[Round "11.5"]
[White "Ivanchuk,V"]
[Black "Navara,D"]
[Result "1/2-1/2"]
[WhiteElo "2710"]
[BlackElo "2740"]

1.d4 Nf6 2.c4 e6 3.Nf3 d5 4.Nc3 Bb4 5.a3 Bxc3+ 6.bxc3 c5 7.e3 O-O 8.Bb2 Nc6
9.Rc1 Qe7 10.cxd5 exd5 11.c4 Bg4 12.Be2 cxd4 13.Nxd4 Bxe2 14.Nxc6 bxc6 15.Qxe2 Rfd8
16.cxd5 cxd5 17.Rc2 Rac8 18.O-O Rxc2 19.Qxc2 Ne4 20.Rd1 h6 21.h3 a6 22.Qe2 Qe6
23.Qg4 Qxg4 24.hxg4 Rb8 25.Be5 Rb3 26.f3 Nc3 27.Bxc3 Rxc3 28.a4 Rc4 29.Rxd5 Rxa4
30.g5 hxg5 31.Rxg5  1/2-1/2

[Event "10th Dolomiti Open 2019"]
[Site "Forni di Sopra ITA"]
[Date "2019.06.16"]
[Round "2.1"]
[White "Sarkar,J"]
[Black "Ivanchuk,V"]
[Result "1/2-1/2"]
[WhiteElo "2359"]
[BlackElo "2691"]

1.d4 Nf6 2.c4 g6 3.Nc3 Bg7 4.e4 d6 5.g3 c5 6.d5 b5 7.e5 dxe5 8.Nxb5 Ne4 9.d6 Qa5+
10.Ke2 Bb7 11.Nc7+ Kd7 12.Nf3 Nxd6 13.Nxa8 Nc6 14.Bg2 e4 15.Nd2 Nd4+ 16.Kf1 Rxa8
17.h4 f5 18.h5 g5 19.Nb3 Nxb3 20.Qxb3 Ba6 21.Qd1 Bxc4+ 22.Kg1 Bd3 23.h6 Bf6
24.Bd2 Qb5 25.Bc3 Rb8 26.Bxf6 exf6 27.b3 c4 28.bxc4 Nxc4 29.Bf1 Ne5 30.Bxd3 exd3
31.Qb3 d2 32.Rd1 Qxb3 33.axb3 Nf3+ 34.Kg2 Rxb3 35.Ra1 Ne1+ 36.Kf1 Ra3 37.Rd1 Nf3
38.Ke2 Ke6 39.Rb1 g4 40.Rhd1 Kf7 41.Rb7+ Kg6 42.Rh1 d1=Q+ 43.Rxd1 Ng5 44.Rdd7 a6
45.Rb6 a5 46.Ra6 Ra2+ 47.Rd2 Ra4 48.Rd5 Re4+ 49.Kf1 Nf3 50.Rd1 Re5 51.Kg2 Ne1+
52.Kf1 Nf3 53.Kg2 a4 54.Ra1 Ne1+ 55.Kf1 Nf3 56.Kg2 Re8  1/2-1/2

[Event "10th Dolomiti Open 2019"]
[Site "Forni di Sopra ITA"]
[Date "2019.06.18"]
[Round "5.2"]
[White "Sonis,Francesco"]
[Black "Ivanchuk,V"]
[Result "1/2-1/2"]
[WhiteElo "2494"]
[BlackElo "2691"]

1.d4 e6 2.c4 Nf6 3.g3 c5 4.Nf3 cxd4 5.Nxd4 Qc7 6.Nc3 a6 7.Bg2 Qxc4 8.O-O Nc6
9.Nb3 d5 10.Bf4 Be7 11.Rc1 Qb4 12.a3 Qb6 13.e4 dxe4 14.Be3 Qc7 15.Nc5 O-O
16.N5xe4 Bd7 17.Nxf6+ Bxf6 18.Na4 Rad8 19.Bb6 Qb8 20.Nc5 Bc8 21.Bxd8 Rxd8
22.Qb3 Nd4 23.Qe3 Nf5 24.Qb3 Nd4 25.Qe3 Nf5 26.Qb3  1/2-1/2

[Event "10th Dolomiti Open 2019"]
[Site "Forni di Sopra ITA"]
[Date "2019.06.19"]
[Round "6.1"]
[White "Ivanchuk,V"]
[Black "Martinez Alcantara,Jose Eduardo"]
[Result "1/2-1/2"]
[WhiteElo "2691"]
[BlackElo "2583"]

1.d4 Nf6 2.c4 e6 3.Nf3 b6 4.Bg5 Bb7 5.Nc3 Bb4 6.Nd2 h6 7.Bh4 c5 8.a3 Bxc3
9.bxc3 d6 10.f3 Qe7 11.e4 Nc6 12.Bf2 e5 13.d5 Na5 14.Bd3 Bc8 15.Qc2 Nh5 16.g3 Bd7
17.Be3 O-O-O 18.O-O-O Rdf8 19.Rde1 Kc7 20.f4 g5 21.f5 Nf6 22.Kd1 Qe8 23.Ke2 g4
24.h4 gxh3 25.Rxh3 Ng4 26.Reh1 Ba4 27.Qb2 Rfg8 28.Bg1 Rg7 29.Ke1 Rhg8 30.Be2 Qd8
31.Qb1 Qe8 32.Qb2 Qe7 33.Qb1 Qd8 34.Qb2 Qe8  1/2-1/2

[Event "10th Dolomiti Open 2019"]
[Site "Forni di Sopra ITA"]
[Date "2019.06.20"]
[Round "7.3"]
[White "Santos Ruiz,Miguel"]
[Black "Ivanchuk,V"]
[Result "1/2-1/2"]
[WhiteElo "2557"]
[BlackElo "2691"]

1.e4 c6 2.Nf3 d5 3.d3 Bg4 4.h3 Bh5 5.Qe2 e6 6.g4 Bg6 7.h4 h6 8.Nbd2 Nd7 9.Bg2 Be7
10.h5 Bh7 11.Nb3 dxe4 12.dxe4 Ngf6 13.g5 hxg5 14.Nxg5 Bg8 15.Bf4 Nh7 16.Nxh7 Rxh7
17.O-O-O Bg5 18.Qe3 Bxf4 19.Qxf4 Qe7 20.e5 Nb6 21.Na5 Kf8 22.Rh3 Rh6 23.Qd2 Bh7  1/2-1/2

[Event "10th Dolomiti Open 2019"]
[Site "Forni di Sopra ITA"]
[Date "2019.06.21"]
[Round "8.4"]
[White "Ivanchuk,V"]
[Black "Deac,Bogdan-Daniel"]
[Result "1/2-1/2"]
[WhiteElo "2691"]
[BlackElo "2623"]

1.e4 e5 2.Nf3 Nc6 3.Bb5 Nf6 4.d3 Bc5 5.Bxc6 dxc6 6.Nbd2 O-O 7.Nc4 Nd7 8.h4 Re8
9.h5 b5 10.Ne3 Nf8 11.Bd2 Rb8 12.a3 Bd4 13.c3 Bc5 14.Qc2 Qf6 15.O-O-O h6
16.d4 exd4 17.cxd4 Bxd4 18.Nxd4 Qxd4 19.Bb4 Qe5 20.f3 Qg5 21.Bd2 Qf6 22.Kb1 Be6
23.Bc3 Qg5 24.Qf2 Rbd8 25.Rxd8 Rxd8 26.f4 Qe7 27.Qf3 f6 28.f5 Bf7 29.Ng4 Nd7
30.Re1 Qd6 31.Rd1 Qe7 32.Qg3 Kh7 33.Re1 Bxh5 34.e5 Bxg4 35.Qxg4 Nxe5 36.Bxe5 fxe5
37.Qg6+ Kh8 38.Qxc6 b4 39.axb4 Qf6 40.Qxf6 gxf6 41.Rc1 Rd7 42.Rc6 Kg7 43.g4 Rf7
44.Rc4 h5 45.gxh5 Kh6 46.Rg4 Kxh5 47.Rg6 e4 48.Kc2 Rd7 49.Rxf6 Kg4 50.Rf8 e3
51.f6 e2 52.Re8 Kf3 53.Re5 a6 54.Kc3 c6 55.Kc2 Kf2 56.Rf5+ Kg3 57.Re5 Kf3
58.Kc3 Kf2 59.Rf5+ Ke1 60.Kc2 Rd2+ 61.Kc1 Rd1+ 62.Kc2 Rd2+ 63.Kc1 Rd1+ 64.Kc2 Rd2+  1/2-1/2

[Event "10th Dolomiti Open 2019"]
[Site "Forni di Sopra ITA"]
[Date "2019.06.22"]
[Round "9.3"]
[White "Mareco,S"]
[Black "Ivanchuk,V"]
[Result "1/2-1/2"]
[WhiteElo "2643"]
[BlackElo "2691"]

1.d4 Nf6 2.c4 e6 3.Nc3 Bb4 4.Qc2 O-O 5.e4 d6 6.a3 Bxc3+ 7.bxc3 e5 8.Bd3 c5
9.d5 Nbd7 10.Ne2 Re8 11.f3 h5 12.h4 Nf8  1/2-1/2

[Event "32nd Leon GM 2019"]
[Site "Leon ESP"]
[Date "2019.07.05"]
[Round "1.1"]
[White "Ivanchuk,V"]
[Black "Nihal,Sarin"]
[Result "1/2-1/2"]
[WhiteElo "2684"]
[BlackElo "2610"]

1.Nf3 d5 2.d4 Nf6 3.c4 e6 4.e3 b6 5.Bd3 Bb7 6.cxd5 exd5 7.O-O Nbd7 8.b3 a6
9.Ba3 Bxa3 10.Nxa3 O-O 11.Rc1 Re8 12.Nb1 c5 13.Nbd2 Qe7 14.Qc2 Rac8 15.Qb2 g6
16.Rc2 Nf8 17.Rfc1 Ne6 18.Bf1 Rc7 19.g3 Rec8 20.Bh3 h5 21.a3 Ng4 22.Bg2 cxd4
23.Rxc7 Rxc7 24.Rxc7 Qxc7 25.exd4 a5 26.Bf1 Nf6 27.Bh3 Qd6 28.Nf1 Ne4 29.Ne3 N6g5
30.Nxg5 Nxg5 31.Bg2 Nh7 32.Bf1 Ng5 33.Bg2 Nh7 34.b4 axb4 35.Qxb4 Qxb4 36.axb4 Nf6
37.f3 Kf8 38.Bf1 Ke7 39.Kf2 Kd6 40.Ke1 Bc8 41.Kd2 Bd7 42.Nd1 Ne8 43.Nc3 Ng7
44.Bd3 Bf5 45.Ba6 Bd7 46.Bb7 Be6 47.Ba6 Bd7 48.Bf1 Nf5 49.Kd3 Ne7 50.Be2 Nc6
51.Nb5+ Ke7 52.Kc3 Nd8 53.Na3 Kd6 54.Nc2 Ne6 55.Ne3 Nc7 56.Kd2 Ne6 57.Kc3 Nc7
58.Bd3 Bb5 59.h4 Bxd3 60.Kxd3 Ne6 61.Nd1 f6 62.Ne3 b5 63.Kc3 Kc6 64.Kd3 Kd6  1/2-1/2

[Event "32nd Leon GM 2019"]
[Site "Leon ESP"]
[Date "2019.07.05"]
[Round "1.4"]
[White "Nihal,Sarin"]
[Black "Ivanchuk,V"]
[Result "1/2-1/2"]
[WhiteElo "2610"]
[BlackElo "2684"]

1.Nf3 Nf6 2.c4 e6 3.d4 Bb4+ 4.Bd2 Qe7 5.g3 Nc6 6.Nc3 O-O 7.Bg2 Bxc3 8.Bxc3 Ne4
9.Rc1 d6 10.d5 Nb8 11.dxe6 fxe6 12.O-O Nc6 13.Nd4 Nxc3 14.Rxc3 Bd7 15.Nc2 Rad8
16.Qd2 b6 17.b4 a5 18.a3 Kh8 19.e4 e5 20.b5 Nb8 21.Ne3 Rde8 22.Nd5 Qd8 23.f4 exf4
24.gxf4 Be6 25.Rg3 Nd7 26.Qd4 Rf7 27.Ne3 Nc5 28.f5 Bc8 29.Ng4 Nd7 30.Kh1 Ne5
31.Ne3 Bb7 32.Rf4 Qf6 33.Qd1 Qh6 34.Qf1 Nd3 35.Rfg4 Ne5 36.Rf4 Nd3 37.Rfg4 Ne5
38.Rf4  1/2-1/2

[Event "32nd Leon GM 2019"]
[Site "Leon ESP"]
[Date "2019.07.05"]
[Round "1.2"]
[White "Nihal,Sarin"]
[Black "Ivanchuk,V"]
[Result "1/2-1/2"]
[WhiteElo "2610"]
[BlackElo "2684"]

1.Nf3 Nf6 2.c4 b6 3.d4 e6 4.a3 Bb7 5.Nc3 d5 6.cxd5 Nxd5 7.Qc2 Nxc3 8.bxc3 Be7
9.e4 O-O 10.Bd3 c5 11.O-O Qc7 12.Qe2 Nd7 13.Re1 Rfd8 14.Bb2 Rac8 15.Rad1 Nf8
16.g3 Bf6 17.h4 h6 18.e5 Be7 19.Nd2 cxd4 20.cxd4 f5 21.exf6 Bxf6 22.Qg4 Kh8
23.Bb1 Qf7 24.Ne4 Be7 25.Re3 Rd5 26.Rde1 Rcd8 27.Qe2 Qh5 28.Nc3 Qxe2 29.Nxe2 Rb5
30.Ba1 Ra5 31.Bb2 Bd6 32.Ba2 Bd5 33.Bxd5 Rxd5 34.Rc1 Kg8 35.Kg2 Rf5 36.Nc3 Kf7
37.Ne4 Rd5 38.Rc6 Be7 39.Kf1 Rb5 40.Rc2 Rbd5 41.Ke2 Nh7 42.Rc7 R8d7 43.Rxd7 Rxd7
44.Rc3 Nf6 45.Nxf6 Bxf6 46.Rc6 Ke7 47.Ke3 Rd6 48.Rc7+ Rd7 49.Rc6  1/2-1/2

[Event "32nd Leon GM 2019"]
[Site "Leon ESP"]
[Date "2019.07.07"]
[Round "2.4"]
[White "Ivanchuk,V"]
[Black "Maghsoodloo,Parham"]
[Result "0-1"]
[WhiteElo "2684"]
[BlackElo "2656"]

1.e4 c5 2.Nf3 Nc6 3.d4 cxd4 4.Nxd4 Nf6 5.Nc3 d6 6.Bg5 e6 7.Qd2 a6 8.O-O-O Bd7
9.f3 Be7 10.Kb1 O-O 11.Be3 b5 12.g4 Nxd4 13.Bxd4 Bc6 14.g5 Nd7 15.h4 b4 16.Ne2 d5
17.e5 a5 18.f4 Nc5 19.Qe3 Ne4 20.Bh3 Bd7 21.Bg2 Qc7 22.Bxe4 dxe4 23.Ng3 Rfc8
24.Rh2 a4 25.Nxe4 b3 26.cxb3 axb3 27.a3 Bc6 28.Rhd2 Ra4 29.Nc3 Rc4 30.f5 exf5
31.e6 Be4+ 32.Ka1 fxe6 33.Bxg7 Qa5 34.Bf6 Bxa3 35.Rd8+ Bf8+  0-1

[Event "32nd Leon GM 2019"]
[Site "Leon ESP"]
[Date "2019.07.07"]
[Round "2.2"]
[White "Ivanchuk,V"]
[Black "Maghsoodloo,Parham"]
[Result "1/2-1/2"]
[WhiteElo "2684"]
[BlackElo "2656"]

1.e4 c5 2.Nf3 Nc6 3.d4 cxd4 4.Nxd4 Nf6 5.Nc3 d6 6.Bc4 Qb6 7.Nxc6 bxc6 8.O-O g6
9.Qe1 Qc7 10.Bf4 Nh5 11.Bg5 Bg7 12.Rd1 O-O 13.b3 e6 14.Be2 Nf6 15.Bf4 e5
16.Bg5 Be6 17.Bf3 h6 18.Bxf6 Bxf6 19.Qd2 Rad8 20.Qxh6 Bg7 21.Qg5 Qa5 22.Qd2 Qc7
23.Rfe1 f5 24.Qg5 Kh7 25.Qc1 Qa5 26.Rd3 d5 27.exd5 cxd5 28.b4 Qxb4 29.Bxd5 Bxd5
30.Nxd5 Qc5 31.c4 f4 32.Re4 Rb8 33.h4 Rf7 34.Qc2 Kh6 35.Rb3 Rfb7 36.Qd1 Qc8
37.Kh2 a5 38.g4 a4 39.Rh3 Rb2 40.Qf3 Qc5 41.Kg2 Rxa2 42.g5+ Kh7 43.h5 Rbb2
44.hxg6+ Kg8 45.Rxf4 exf4 46.Nf6+ Bxf6 47.Qa8+ Qf8 48.Qd5+ Kg7 49.Rh7+ Kxg6
50.Qe4+ Kxg5 51.Qd5+ Be5 52.Qxe5+ Kg6 53.Qh5+ Kf6 54.Rh6+ Qxh6 55.Qxh6+ Ke5
56.Qg5+ Kd4 57.Qxf4+ Kc5 58.Qe5+ Kb4 59.Qb5+ Kc3 60.Qe5+ Kb3 61.Qb5+ Kc2
62.Qf5+ Kd1 63.c5 a3 64.c6 Rxf2+  1/2-1/2

[Event "32nd Leon GM 2019"]
[Site "Leon ESP"]
[Date "2019.07.07"]
[Round "2.1"]
[White "Maghsoodloo,Parham"]
[Black "Ivanchuk,V"]
[Result "1-0"]
[WhiteElo "2656"]
[BlackElo "2684"]

1.Nf3 Nf6 2.c4 c6 3.g3 g6 4.Bg2 Bg7 5.O-O O-O 6.b3 d6 7.d4 e5 8.dxe5 dxe5
9.Ba3 Qxd1 10.Rxd1 Re8 11.Nc3 Na6 12.Ng5 Bf5 13.e4 Bg4 14.f3 Bd7 15.Bh3 Rad8
16.Kg2 Bh6 17.Bxd7 Nxd7 18.h4 Ndc5 19.Rxd8 Rxd8 20.Rd1 Rxd1 21.Nxd1 f6 22.Nh3 Kf7
23.Kf1 Ne6 24.Ndf2 Be3 25.Nd3 h5 26.Nhf2 Nac5 27.Nxc5 Bxc5 28.Bxc5 Nxc5 29.Ke2 Ke7
30.Ke3 a5 31.g4 Ne6 32.Nd3 Kd6 33.gxh5 gxh5 34.f4 b6 35.f5 Nd4 36.c5+ Kc7
37.Nb2 b5 38.Nd3 Nc2+ 39.Kd2 Nd4 40.Nf2 Kd7 41.Nh1 Ke7 42.Ng3 b4 43.Nxh5 Nb5
44.Ng3 Nc3 45.a4 Kf7 46.Ke3 Kg7 47.Nf1 Nb1 48.Kd3 Kh6 49.Ne3 Na3 50.Ng4+  1-0

[Event "32nd Leon GM 2019"]
[Site "Leon ESP"]
[Date "2019.07.07"]
[Round "2.3"]
[White "Maghsoodloo,Parham"]
[Black "Ivanchuk,V"]
[Result "1/2-1/2"]
[WhiteElo "2656"]
[BlackElo "2684"]

1.Nf3 b6 2.c4 Bb7 3.g3 c5 4.Bg2 g6 5.d4 cxd4 6.Qxd4 Nf6 7.b3 d6 8.Bb2 Nbd7
9.Nc3 Bg7 10.O-O O-O 11.Rfd1 a6 12.Ne1 Ne4 13.Qe3 Nxc3 14.Bxc3 Bxc3 15.Qxc3 Qc7
16.Qe3 Nf6 17.a4 Rab8 18.Rd4 Rfc8 19.Qh6 b5 20.axb5 axb5 21.Rh4 bxc4 22.bxc4 Ra8
23.Rc1 Ra2 24.Qe3 Bxg2 25.Nxg2 d5 26.Ne1 Ra4 27.c5 Rxh4 28.gxh4 e5 29.Nf3 Re8
30.c6 d4 31.Qb3 Rb8 32.Qc4 Ne4 33.Kg2 Rb2 34.Ng5 Nd6 35.Qd5 Rb5 36.Rc5 Rxc5
37.Qxc5 Nf5 38.Qd5 Qe7 39.Kf1 Kg7 40.Ne4 Qc7 41.Ng5 Qe7 42.Qd7 h6 43.Nf3 Kf6
44.h5 gxh5 45.Qd5 Qc7 46.Qd7 Qxd7 47.cxd7 Ke7 48.Nxe5 f6 49.Ng6+ Kxd7 50.Nf4 h4
51.Kg2 Kd6 52.Kf3 Ke5 53.Ng6+ Kd5 54.Nf4+ Ke5 55.Kg4 Ne7 56.Nd3+ Ke4 57.Kxh4 Nd5
58.Kh5 Nc3 59.Nc1 Nd1 60.Nd3 Nc3 61.Nc1 Nd1 62.Nd3 Nc3  1/2-1/2